<?xml version="1.0" encoding="UTF-8"?>
<record
    xmlns:xsi="http://www.w3.org/2001/XMLSchema-instance"
    xsi:schemaLocation="http://www.loc.gov/MARC21/slim http://www.loc.gov/standards/marcxml/schema/MARC21slim.xsd"
    xmlns="http://www.loc.gov/MARC21/slim">

  <leader>03962nam a2200277 a 4500</leader>
  <controlfield tag="001">000007817</controlfield>
  <controlfield tag="005">20200929154316.0</controlfield>
  <controlfield tag="008">090911s2009    dr      r     001 0 spa d</controlfield>
  <datafield tag="020" ind1=" " ind2=" ">
    <subfield code="a">9789945427769</subfield>
  </datafield>
  <datafield tag="040" ind1=" " ind2=" ">
    <subfield code="a">DO-SdBNP</subfield>
    <subfield code="b">spa</subfield>
    <subfield code="c">BNPHU</subfield>
  </datafield>
  <datafield tag="082" ind1=" " ind2=" ">
    <subfield code="a">301</subfield>
    <subfield code="b">J94f</subfield>
  </datafield>
  <datafield tag="100" ind1="1" ind2=" ">
    <subfield code="a">Juli&#xE1;n, Jos&#xE9; Francisco,</subfield>
    <subfield code="d">1949-</subfield>
    <subfield code="9">21527</subfield>
  </datafield>
  <datafield tag="245" ind1="1" ind2="0">
    <subfield code="a">Flagelos /</subfield>
    <subfield code="c">Jos&#xE9; Francisco Juli&#xE1;n.</subfield>
  </datafield>
  <datafield tag="260" ind1=" " ind2=" ">
    <subfield code="a">Santo Domingo :</subfield>
    <subfield code="f">B&#xFA;ho</subfield>
    <subfield code="c">2009.</subfield>
  </datafield>
  <datafield tag="300" ind1=" " ind2=" ">
    <subfield code="a">392 p. ;</subfield>
    <subfield code="c">23 cm.</subfield>
  </datafield>
  <datafield tag="500" ind1=" " ind2=" ">
    <subfield code="a">Incluye datos biograf&#xED;cos del autor.</subfield>
  </datafield>
  <datafield tag="504" ind1=" " ind2=" ">
    <subfield code="a">Bibliograf&#xED;a : p. 389-392.</subfield>
  </datafield>
  <datafield tag="505" ind1="1" ind2=" ">
    <subfield code="a">Un alerta valiente y oportuno a nuestras conciencias / Aquiles Juli&#xE1;n -- Presentaci&#xF3;n -- 1. Las drogas -- El problema de las drogas -- Pa&#xED;ses con experiencia en el caos causado por las drogas -- Estados Unidos -- Espa&#xF1;a -- Argumento -- Combate -- Escalera -- Secreto bancario -- Extradici&#xF3;n -- Desviaci&#xF3;n -- Territorios-- Estad&#xED;sticas -- Militares-- Beneficios -- Guerras -- Legalizaci&#xF3;n -- Colombia -- Pablo Escobar -- Carlos Lehder -- Hermanos Rodr&#xED;guez Orejuela -- Se&#xF1;or de los cielos -- Tipos de drogas -- FARC -- Un poco del pasado -- Personalidad del adicto -- Modelos sociales -- Productos caseros -- Comportamiento del joven debutante -- En los deportes -- Caso del general Arnaldo Ochoa -- Puerto Rico -- Rep&#xFA;blica Dominicana- Rolando Flori&#xE1;n Feliz -- Quirino Ernesto Paulino -- Manuel Antonio Noriega -- M&#xE9;xico -- Carteles -- Cardenal Juan de Jes&#xFA;s Posada Ocampo -- El alcohol -- Al capone -- Babe face Nelson -- Medicamentos: El naltrexone y antabuse -- Otras consecuencias -- El tabaco -- Tipos de curados -- Descripci&#xF3;n minuciosa de los componentes del cigarrillo -- Mon&#xF3;xido de carbono -- Comentarios -- Mito de los Indios Hurones -- Infracci&#xF3;n grave -- Comentario -- Jurisprudencia sobre drogas.</subfield>
  </datafield>
  <datafield tag="505" ind1="1" ind2=" ">
    <subfield code="a">2. Violencia intrafamiliar -- Violencia intrafamiliar -- Agresiones entre Estados -- Violencia en la pareja -- Conducta de la mujer violada -- Terapeuta o psic&#xF3;logo -- Historial -- Estad&#xED;sticas -- Acoso sexual -- Posibilidades de prevenci&#xF3;n -- psic&#xF3;patas -- Motivos de homicidios -- Pa&#xED;ses -- Aborto -- Art&#xED;culo 317 del C&#xF3;digo Penal -- Efectos -- Agresi&#xF3;n contra el menor -- El ni&#xF1;o modelo -- Errores educativos m&#xE1;s frecuentes -- Abuso sexual del menor -- Signos de abuso sexual en los adolescentes -- Datos a tener en cuenta -- Jurisprudencia -- Parricidio -- Infanticidio -- Los elementos constitutivos -- Envenenamiento -- Personas mayores -- Pepe Gonz&#xE1;lez -- Moraleja -- El divorcio -- Profamilia -- Se&#xF1;ales de suicidio -- An&#xE1;lisis ley 24-97 contra la violencia intrafamiliar -- En resumen -- Violencia reprimida -- Violencia expl&#xED;cita e impl&#xED;cita -- Violencia del estado contra ciudadanos -- Presi&#xF3;n escrita -- Paz -- Paz en la tormenta -- 3. El problema haitiano -- Perfil haitiano -- Pasado borroso -- Toussaint Louverture -- Dessalines -- La junta de Bondillo -- Juan S&#xE1;nchez Ram&#xED;rez --- Todas estas medidas se tomaron en el gobierno de Boyer -- Llegada de Duarte -- El papel de la Iglesia en el gobierno de Boyer -- Oposici&#xF3;n criolla de Boyer y predominio haitiano -- Entendimiento -- Colorido -- General&#xED;simo -- Razones de la matanza -- Pedro Santana -- Pro y antihaitianismo a traves de la historia -- Pasado reciente -- Bateyes -- Clasificaci&#xF3;n -- Corrientes migratorias -- Datos importantes -- Visi&#xF3;n social -- Invasi&#xF3;n americana -- Situaci&#xF3;n de la parte espa&#xF1;ola -- Industria azucarera moderna -- San Pedro de Macor&#xED;s -- Figuras -- De fronteras, migraciones y repatriaciones -- Conclusiones -- Bibliograf&#xED;a.</subfield>
  </datafield>
  <datafield tag="650" ind1=" " ind2="4">
    <subfield code="a">Am&#xE9;rica latina</subfield>
    <subfield code="x">Aspectos sociales</subfield>
    <subfield code="9">21528</subfield>
  </datafield>
  <datafield tag="650" ind1=" " ind2="4">
    <subfield code="a">Abuso de drogas</subfield>
    <subfield code="x">Cuestiones sociales y morales</subfield>
    <subfield code="9">21529</subfield>
  </datafield>
  <datafield tag="650" ind1=" " ind2="4">
    <subfield code="a">Violencia familiar</subfield>
    <subfield code="x">Cuestiones sociales y morales</subfield>
    <subfield code="9">21530</subfield>
  </datafield>
  <datafield tag="650" ind1=" " ind2="4">
    <subfield code="a">Hait&#xED;</subfield>
    <subfield code="x">Emigraci&#xF3;n e inmigraci&#xF3;n</subfield>
    <subfield code="z">Rep&#xFA;blica Dominicana</subfield>
    <subfield code="9">21531</subfield>
  </datafield>
  <datafield tag="650" ind1=" " ind2="4">
    <subfield code="a">Rep&#xFA;blica dominicana</subfield>
    <subfield code="x">Emigraci&#xF3;n e inmigraci&#xF3;n</subfield>
    <subfield code="z">Hait&#xED;</subfield>
    <subfield code="9">21532</subfield>
  </datafield>
  <datafield tag="910" ind1=" " ind2=" ">
    <subfield code="a">Validado. Control de calidad. MMOLINA</subfield>
  </datafield>
  <datafield tag="952" ind1=" " ind2=" ">
    <subfield code="0">0</subfield>
    <subfield code="1">0</subfield>
    <subfield code="5">4</subfield>
    <subfield code="7">0</subfield>
    <subfield code="8">DS</subfield>
    <subfield code="a">GR</subfield>
    <subfield code="b">GR</subfield>
    <subfield code="c">HD</subfield>
    <subfield code="d">2009-09-11</subfield>
    <subfield code="i">LF1</subfield>
    <subfield code="l">0</subfield>
    <subfield code="o">301 J94f</subfield>
    <subfield code="p">7817-30</subfield>
    <subfield code="r">2020-06-25</subfield>
    <subfield code="t">e. 3</subfield>
    <subfield code="w">2020-06-25</subfield>
    <subfield code="y">LFDS</subfield>
    <subfield code="Z">Pr&#xE9;stamo en sala</subfield>
  </datafield>
  <datafield tag="952" ind1=" " ind2=" ">
    <subfield code="0">0</subfield>
    <subfield code="1">0</subfield>
    <subfield code="5">4</subfield>
    <subfield code="7">0</subfield>
    <subfield code="8">DS</subfield>
    <subfield code="a">GR</subfield>
    <subfield code="b">GR</subfield>
    <subfield code="c">HD</subfield>
    <subfield code="d">2018-06-20</subfield>
    <subfield code="i">LF1</subfield>
    <subfield code="l">0</subfield>
    <subfield code="o">301 J94f</subfield>
    <subfield code="p">7817-40</subfield>
    <subfield code="r">2020-06-25</subfield>
    <subfield code="t">e. 4</subfield>
    <subfield code="w">2020-06-25</subfield>
    <subfield code="y">LFDS</subfield>
    <subfield code="Z">Pr&#xE9;stamo en sala</subfield>
  </datafield>
  <datafield tag="952" ind1=" " ind2=" ">
    <subfield code="0">0</subfield>
    <subfield code="1">0</subfield>
    <subfield code="7">1</subfield>
    <subfield code="8">PD</subfield>
    <subfield code="a">PD</subfield>
    <subfield code="b">PD</subfield>
    <subfield code="c">HD</subfield>
    <subfield code="d">2009-09-11</subfield>
    <subfield code="i">LF1</subfield>
    <subfield code="l">0</subfield>
    <subfield code="o">301 J94f</subfield>
    <subfield code="p">7817-10</subfield>
    <subfield code="r">2020-06-25</subfield>
    <subfield code="w">2020-06-25</subfield>
    <subfield code="y">LFPD</subfield>
    <subfield code="Z">No se presta</subfield>
  </datafield>
  <datafield tag="952" ind1=" " ind2=" ">
    <subfield code="0">0</subfield>
    <subfield code="1">0</subfield>
    <subfield code="7">1</subfield>
    <subfield code="8">PD</subfield>
    <subfield code="a">PD</subfield>
    <subfield code="b">PD</subfield>
    <subfield code="c">HD</subfield>
    <subfield code="d">2009-09-11</subfield>
    <subfield code="i">LF1</subfield>
    <subfield code="l">0</subfield>
    <subfield code="o">301 J94f</subfield>
    <subfield code="p">7817-20</subfield>
    <subfield code="r">2020-06-25</subfield>
    <subfield code="t">e. 2</subfield>
    <subfield code="w">2020-06-25</subfield>
    <subfield code="y">LFPD</subfield>
    <subfield code="Z">No se presta</subfield>
  </datafield>
  <datafield tag="999" ind1=" " ind2=" ">
    <subfield code="c">7595</subfield>
    <subfield code="d">7595</subfield>
  </datafield>
</record>
